| 000 | 00365 a2200145 4500 | ||
|---|---|---|---|
| 005 | 20250625081601.0 | ||
| 020 | _a0-534-37147-7 | ||
| 082 | _a658.4 KEL | ||
| 100 | _aKELLER, G. | ||
| 245 | _aStatistics for Management and Economics | ||
| 260 |
_aNew York, _bThomson, _c2000 |
||
| 300 |
_a397p.; ill.; figure, table _c23cm |
||
| 700 | _aWARRACK, B. | ||
| 942 |
_2ddc _cBKS |
||
| 999 |
_c4952 _d4952 |
||